Swiss-Alpine folk-tales / (Record no. 7822)
[ view plain ]
| 000 -LEADER | |
|---|---|
| fixed length control field | 00823cam a22002651 4500 |
| 001 - CONTROL NUMBER | |
| JCCL Control Number | 7822 |
| 003 - CONTROL NUMBER IDENTIFIER | |
| JCCL marc code | BD-JhCC |
| 005 - DATE AND TIME OF LATEST TRANSACTION | |
| control field | 20230802084933.0 |
| 008 - FIXED-LENGTH DATA ELEMENTS--GENERAL INFORMATION | |
| fixed length control field | 760217s1958 enka j 000 0 eng |
| 035 ## - SYSTEM CONTROL NUMBER | |
| system control number | (BD-JhCC)7822 |
| 035 ## - SYSTEM CONTROL NUMBER | |
| system control number | (OCoLC)1995890 |
| 040 ## - CATALOGING SOURCE | |
| Original cataloging agency | DLC |
| Transcribing agency | NOsU |
| Modifying agency | Uk |
| -- | DLC |
| -- | BD-JhCC |
| 041 ## - LANGUAGE CODE | |
| Language code of Book | eng |
| 050 00 - LIBRARY OF CONGRESS CALL NUMBER | |
| Classification number | PZ8.1.M88 |
| Item number | Sw |
| 082 ## - DEWEY DECIMAL CLASSIFICATION NUMBER | |
| Classification number | 398.209494 |
| Author mark and Year | MUL 1958 |
| 100 2# - MAIN ENTRY--PERSONAL NAME | |
| Personal name | Müller-Guggenbühl, Fritz, |
| Dates associated with a name | 1922- |
| 245 10 - TITLE STATEMENT | |
| Title | Swiss-Alpine folk-tales / |
| Statement of responsibility, etc | retold by Fritz Müller-Guggenbühl. Translated by Katharine Potts. Illustrated by Joan Kiddell-Monroe. |
| 260 ## - PUBLICATION, DISTRIBUTION, ETC. (IMPRINT) | |
| Place of publication, distribution, etc | London, |
| Name of publisher, distributor, etc | Oxford University Press, |
| Date of publication, distribution, etc | 1958. |
| 300 ## - PHYSICAL DESCRIPTION | |
| Pagination | 225 p. |
| Other physical details | illus. |
| Dimensions | 23 cm. |
| 440 #0 - | |
| Title | Oxford myths and legends |
| 650 #0 - SUBJECT ADDED ENTRY--TOPICAL TERM | |
| Topical term or geographic name as entry element | Legends |
| Geographic subdivision | Switzerland. |
| 650 #0 - SUBJECT ADDED ENTRY--TOPICAL TERM | |
| Topical term or geographic name as entry element | Tales |
| Geographic subdivision | Switzerland. |
| 942 ## - ADDED ENTRY ELEMENTS (KOHA) | |
| Source of classification or shelving scheme | Dewey Decimal Classification |
| Koha item type | Books |
| Source of classification or shelving scheme | Damaged status | Not for loan | Home library | Current library | Shelving location | Date of accession | Full call number | Barcode | Date last seen | Copy number | Method of acquisition | Koha item type | Currency |
|---|---|---|---|---|---|---|---|---|---|---|---|---|---|
| Dewey Decimal Classification | JCC Rouf Library | JCC Rouf Library | General Stacks | 08/02/2023 | 398.209494 MUL 1958 | 9262 | 02/14/2018 | C - 1 | Purchase | Books | EUR |